He upset the world. (Record no. 5149)

000 -LEADER
fixed length control field 00536nam a2200181 a 4500
001 - CONTROL NUMBER
control field :::00002890$&:&@@
003 - CONTROL NUMBER IDENTIFIER
control field OkBaRHE
005 - DATE AND TIME OF LATEST TRANSACTION
control field 20000607103258.0
008 - FIXED-LENGTH DATA ELEMENTS--GENERAL INFORMATION
fixed length control field s1932 j 000 0 eng u
040 ## - CATALOGING SOURCE
Transcribing agency
100 1# - MAIN ENTRY--PERSONAL NAME
Personal name Barton, Bruce, 1886-
245 10 - TITLE STATEMENT
Title He upset the world.
260 ## - PUBLICATION, DISTRIBUTION, ETC. (IMPRINT)
Place of publication, distribution, etc Indianapolis, IN., :
Name of publisher, distributor, etc Bobbs-Merrill Co.
Date of publication, distribution, etc c1932
300 ## - PHYSICAL DESCRIPTION
Extent 186 p. ;
Dimensions 21 cm.
650 ## - SUBJECT ADDED ENTRY--TOPICAL TERM
Topical term or geographic name as entry element Paul, Saint, apostle
942 ## - ADDED ENTRY ELEMENTS (KOHA)
Source of classification or shelving scheme
Koha item type Books
Copies
Full call number Lost status Not for loan Shelving location Damaged status Copy number Koha item type Date last seen Date acquired Permanent Location Price effective from Barcode Source of classification or shelving scheme Withdrawn status
BS 2505 .B37  General Stacks 1Books2018-03-162010-04-14RHEMA Bible Training College2010-04-142890